Geography of Argentina on a Map - Statistics

General Stats
  • This quiz has been taken 55 times
  • The average score is 10 of 20
Answers on the Map
Answers color-coded by a green-red scale on the quiz's map according to % correct below.
 
Answer Stats
Category Answer % Correct
City Buenos Aires
100%
Island Tierra del Fuego
90%
City Rosario
80%
River/Lake Paraná
71%
Mountain/Volcano/Mount Aconcagua
66%
City Mendoza
63%
Province Salta
63%
City San Miguel de Tucumán
59%
River/Lake Uruguay
59%
Province Chubut
44%
Province Corrientes
44%
Province San Juan
44%
City Santa Fe
41%
Province La Pampa
37%
Province La Rioja
37%
City Neuquén
37%
Mountain/Volcano/Mount Nevado Ojos del Salado
17%
Island Isla de Los Estados
15%
River/Lake Mar Chiquita
15%
Mountain/Volcano/Mount Pissis
5%
No matching quizzes found
Score Distribution
Percent of People with Each Score
Percentile by Number Answered
Your Score History
You have not taken this quiz